000 00310nam a2200145Ia 4500
003 OSt
005 20240307124142.0
008 170524s9999 xx 000 0 und d
020 _aNA
040 _cIIMTU
100 _aGUPTA - K K
245 0 _aYANTRIK ABHIYANTRAN DRAWING
260 _bASIAN
942 _2ddc
_c02
999 _c7802
_d7802